Statistics for "S" Antonyms

Click here to take the quiz!

General Stats

  • This quiz has been taken 75 times
    (70 since last reset)
  • The average score is 18 of 20

Answer Stats

WordsS Antonyms% Correct
HappinessSadness / Sorrow
100%
JuniorSenior
100%
NorthSouth
100%
TeacherStudent
100%
WinterSummer
98%
AntonymSynonym
98%
FinishStart
97%
WeakStrong
97%
DangerousSafe / Secure
95%
LiquidSolid
95%
BitterSweet
92%
CleverStupid
90%
FailureSuccess
90%
CloudySunny
90%
SugarSalt
88%
SweetSour
88%
BodySoul / Spirit
83%
OftenSeldom / Sometimes
82%
LenientStrict
62%
NormalStrange
55%

Score Distribution

Percentile by Number Answered

Percent of People with Each Score

Your Score History

You have not taken this quiz since the last reset